书目信息 |
| 题名: |
画法几何习题集
|
|
| 作者: | 张旭 编 | |
| 分册: | ||
| 出版信息: |
|
|
| 页数: | 79页 | |
| 开本: | 20cm | |
| 丛书名: | ||
| 单 册: | ||
| 中图分类: | O185.2-44 | |
| 科图分类: | ||
| 主题词: | 几何 , 拓扑 | |
| 电子资源: | ||
| ISBN: | ||
| 000 | 00462nam0 2200169 450 | |
| 001 | 1456572996 | |
| 005 | 20141112154431.76 | |
| 100 | @a20141112d km y0chiy0120 ea | |
| 101 | 0 | @achi |
| 200 | 1 | @a画法几何习题集@Ahua fa ji he xi ti ji@f张旭编@Fzhang xu bian |
| 215 | @a79页@d20cm | |
| 606 | 0 | @a几何 |
| 606 | 0 | @a拓扑 |
| 690 | @aO185.2-44@v4 | |
| 701 | 0 | @a张旭@Azhang xu@4编 |
| 801 | 0 | @aCN@b大连网信软件有限公司图书馆·11@c20141112 |
| 905 | @aZUCC@dO185.2-44@eZH798 | |
| 画法几何习题集/张旭编 |
| 79页;20cm |
| ISBN : |
| ● |
| 相关链接 |
|
|
|
正题名:画法几何习题集
索取号:O185.2-44/ZH798
 
预约/预借
| 序号 | 登录号 | 条形码 | 馆藏地/架位号 | 状态 | 备注 |
| 1 | 65287 | 200652873 | 自科二线504/504自科库 43排6列5层/ [索取号:O185.2-44/ZH798] | 在馆 | |
| 2 | 65288 | 200652882 | 自科二线504/110考试书库 9排1列3层/ [索取号:O185.2-44/ZH798] | 在馆 | |
| 3 | 65289 | 200652891 | 自科二线504/110考试书库 9排1列3层/ [索取号:O185.2-44/ZH798] | 在馆 | |
| 4 | 65290 | 200652908 | 自科二线504/110考试书库 9排1列3层/ [索取号:O185.2-44/ZH798] | 在馆 | |
| 5 | 65291 | 200652917 | 自科二线504/504自科库 43排6列5层/ [索取号:O185.2-44/ZH798] | 在馆 | |
| 6 | 65292 | 200652926 | 自科二线504/504自科库 43排6列5层/ [索取号:O185.2-44/ZH798] | 在馆 | |
| 7 | 65293 | 200652935 | 自科二线504/504自科库 43排6列5层/ [索取号:O185.2-44/ZH798] | 在馆 | |
| 8 | 65294 | 200652944 | 自科二线504/110考试书库 9排1列3层/ [索取号:O185.2-44/ZH798] | 在馆 | |
| 9 | 65295 | 200652953 | 自科二线504/504自科库 49排2列5层/ [索取号:O185.2-44/ZH798] | 在馆 | |
| 10 | 65296 | 200652962 | 自科二线504/504自科库 43排6列5层/ [索取号:O185.2-44/ZH798] | 在馆 |